Biblioteca

Enfoque y metodologías participativas, dar voz a las comunidades : (Registro nro. 66886)

Detalles MARC
000 -LÍDER
Campo fijo de descripción fija 01853nam a2200409 i 4500
001 - NÚMERO DE CONTROL
Campo de control 768714001
003 - IDENTIFICADOR DEL NÚMERO DE CONTROL
Campo de control CO-MdFUSB
005 - FECHA Y HORA DE LA ULTIMA TRANSACCIÓN
control field 20210923154922.0
006 - ELEMENTOS DE LONGITUD FIJA - CARACTERÍSTICAS DE MATERIALES ADICIONALES - INFORMACIÓN GENERAL
Campo fijo de descripción fija -- Información general m|||||r|||| 00| 0
007 - CAMPO FIJO DE DESCRIPCIÓN FIJA--INFORMACIÓN GENERAL
Campo fijo de descripción fija ta
007 - CAMPO FIJO DE DESCRIPCIÓN FIJA--INFORMACIÓN GENERAL
Campo fijo de descripción fija cr au aacaa
008 - ELEMENTOS DE LONGITUD FIJA -- INFORMACIÓN GENERAL
Campo fijo de descripción fija -- Información general 190529t2020 ck a|||g |||| 00| 0 spa d
020 ## - NÚMERO INTERNACIONAL NORMALIZADO PARA LIBROS
Número Internacional Normalizado del libro 9789585308541
040 ## - FUENTE DE CATALOGACIÓN
Agencia de catalogación original CO-MdFUSB
Idioma de catalogación spa
Agencia que realiza la transcripción CO-MdFUSB
Agencia que realiza la modificación CO-MdFUSBC
Convenciones de la descripción rda
041 ## - CÓDIGO DE IDIOMA
Código de idioma para texto/pista de sonido o título separado spa
082 ## - NÚMERO DE CLASIFICACIÓN DECIMAL DEWEY
Número de la edición del Dewey 24
Número de clasificación G 261
Clave de autor-Numero de item F288
245 10 - TÍTULO
Título del Material Enfoque y metodologías participativas, dar voz a las comunidades :
Parte restante del título - Subtitulo cartilla para profesionales
Mención de responsabilidad, etc. / Laura Milena Cadavid Valencia , Ivón Natalia Cuervo-Fernández ; asesorado por Saskia Alexandra Donner
264 #1 - PRODUCCIÓN, PUBLICACIÓN, DISTRIBUCIÓN, MANUFACTURA, Y COPYRIGHT
Lugar de producción, publicación, distribución, manufactura Medellín, Colombia :
Nombre del productor, publicador, distribuidor Publicaciones SBC,
Fecha de producción, publicación, distribución, manufactura, o copyright [2020]
264 #4 - PRODUCCIÓN, PUBLICACIÓN, DISTRIBUCIÓN, MANUFACTURA, Y COPYRIGHT
Fecha de producción, publicación, distribución, manufactura, o copyright © 2020
300 ## - DESCRIPCIÓN FÍSICA
Extensión 79 páginas ;
Dimensiones 28 cm :
Otros detalles físicos ilustraciones a color
336 ## - TIPO DE CONTENIDO
Fuente rdacontent
Término de tipo de contenido texto
Código de tipo de contenido txt
337 ## - TIPO DE MEDIO
Fuente rdamedia
Nombre del tipo de medio sin mediación
Código del tipo de medio n
338 ## - TIPO DE SOPORTE
Fuente rdacarrier
Nombre del tipo de soporte volumen
Código Tipo de soporte nc
490 1# - MENCIÓN DE SERIE
Mención de serie Fe y desplazamiento
505 ## - NOTA DE CONTENIDO
Nota de contenido con formato preestablecido El enfoque de derechos y el reconocimiento de la diversidad para aliviar sufrimientos de la población en situación de desplazamiento -- Enfoque y metodologías participativas, amplificar la voz de las comunidades -- Introducción a la acción sin daño: planeación y participación para reducir el riesgo -- Enfoque de capacidades
563 ## - NOTA DE ENCUADERNACIÓN
Nota de encuadernación Rústico
650 #0 - ASIENTO SECUNDARIO DE MATERIA - TERMINO TEMÁTICO
9 (RLIN) 1177
Término temático o nombre geográfico como elemento de entrada Iglesia y problemas sociales
653 ## - TÉRMINO DE INDIZACIÓN - NO CONTROLADO
Término no controlado Desplazamiento -- Cristianismo -- Colombia.
700 ## - ASIENTO SECUNDARIO - NOMBRE PERSONAL
9 (RLIN) 5655
Nombre personal Cadavid Valencia, Laura Milena,
Responsabilidad autor
700 ## - ASIENTO SECUNDARIO - NOMBRE PERSONAL
9 (RLIN) 5656
Nombre personal Cuervo Fernández, Ivón Natalia,
Responsabilidad autor
700 ## - ASIENTO SECUNDARIO - NOMBRE PERSONAL
9 (RLIN) 2718
Nombre personal Donner, Saskia
Responsabilidad asesora peagógica
773 0# - HOST ITEM ENTRY
Host Biblionumber 65082
Host Itemnumber 77609
Other item identifier 8360
Title Torneo conciliadores de paz
Record control number (CO-MdFUSB)768714001
International Standard Book Number 9789585694415
830 ## - PUNTO DE ACCESO ADICIONAL DE SERIE - TÍTULO UNIFORME
Título uniforme Fe y desplazamiento
Nombre de parte o sección de la obra : Relaciones sociales y comunitarias
942 ## - TIPO DE MATERIAL (KOHA)
Tipo de Item KOHA Libros General
945 ## - INFORMACIÓN LOCAL DEL REGISTRO
Catalogador JTF
Existencias
Estado de Material Estado de Perdido Forma de Clasificación Estado de Dañado No para Préstamo Colección Biblioteca de Origen Biblioteca Permanente Fecha de Adquisición Área Total de Préstamos Signatura Topográfica Código de Barras Última vez visto Ejemplar/Existencia Tipo de Material
    Dewey Decimal Classification     Colección General Biblioteca FUSBC Biblioteca FUSBC 23/09/2021 CRISTIANISMO Y OTRAS DISCIPLINAS   G 261 F288re2 7827 23/09/2021 Ej. 1 Libros General
    Dewey Decimal Classification     Colección General Biblioteca FUSBC Biblioteca FUSBC 23/09/2021 CRISTIANISMO Y OTRAS DISCIPLINAS   G 261 F288re2 7828 23/09/2021 Ej. 2 Libros General

Biblioteca FUSBC | Teléfono: (57+4) 349 88 10 Ext. 141| WhatsApp (+57) 3005338115 
E-mail: biblioteca@unisbc.edu.co | Calle 76 87-14 Robledo Palenque, Medellín, Colombia

Con tecnología Koha